000 03976nam a22009377a 4500
003 OSt
005 20210111095351.0
007 ta
008 210108e2019 dr abc|gr|||| 00| 0dspa d
020 _a9789945855562
040 _aDO-SdBNP
_bspa
_cBNPHU
041 _hspa
082 _aBNPHU- xxxx
_bP581h
100 _aPiantini Colón , Freddy
_d1939.
_977652
245 _aHistoria resumida de la isla de Santo Domingo de 1492 a 1865 /
_cSócrates Suazo Ruíz , prólogo y cuidado de la edición ; Juan Carlos Lorenzo , diagramación
260 _aSanto Domingo :
_bEdita Libros ,
_c2019
300 _a202 pg.
_bil. , retrato, mapas
_c22 cm.
500 _aIncluye datos bigráficos del autor en la solapa.
504 _aIncluye notas bibliográfica, pg. 201.
505 0 _aPrólogo.
505 0 _aA modo de exordio.
505 0 _aLos cacicazgos., división territorial.
505 0 _aLos nombres taínos de la isla.
505 0 _aDescubrimiento de la isla de colonización.
505 0 _aFuerte de la navidad.
505 0 _aPrimera ciudad del nuevo mundo.
505 0 _aGobernación de Bobadilla.
505 0 _aLa matanza de Jaragua.
505 0 _aPrimeros asentamientos.
505 0 _aLlegan los esclavos africanos.
505 0 _aLa real audiencia.
505 0 _aTratado de paz entre el reino español y el cacique Enriquillo.
505 0 _aSir Francis Drake ataca colonia.
505 0 _aLas devastaciones de Osorio.
505 0 _aLa invasión de Inglaterra.
505 0 _aTratado de paz de Nimega.
505 0 _aLa batalla de limonade.
505 0 _aTratado de Ryswick, Holanda.
505 0 _aTratado de Aranjuez.
505 0 _aLa revolución de los negros esclavos de parte oeste de la isla.
505 0 _aTratado de Basilea.
505 0 _aLa capitulación de Santo Domingo.
505 0 _aResumen cronológico de 373 años de historia.
505 0 _aLa expedición francesa al mando del general Victor Manuel Lecler (1792-1802).
505 0 _aLa independencia haitiana.
505 0 _aLa reconquista.
505 0 _aIndependencia efímera.
505 0 _aLa ocupación haitiana 1822 al 1844.
505 0 _aGobierno de Boyer.
505 0 _aLa reforma haitiana.
505 0 _aImpuestos.
505 0 _aLa trinitaria.
505 0 _aIndependencia y separación de Haití.
505 0 _aLa batalla de Azua del 19 de marzo de 1844.
505 0 _aLa batalla de Santiago del 30 de marzo.
505 0 _aLa batalla de la Estrelleta.
505 0 _aLa batalla de las Carreras.
505 0 _aLa batalla de Santomé.
505 0 _aSantana presidente dominicano por tercera vez.
505 0 _aResumiendo.
505 0 _aLa restauración 1863 al 1865
505 0 _aAtaque a la fortaleza San Luis.
505 0 _aEl gobierno español deroga la anexón.
505 0 _aDiscurso de Santana 18 de marzo de 1861.
505 0 _aManifiesto del gral. Francisco del Rosario Sánchez en junio de 1961.
505 0 _aGobierno provisional de Santiago.
505 0 _aActa de independencia.
505 0 _aComunicado el 23 de diciembre de 1863, Santiago gobierno provisional.
505 0 _a14 de sept. de 1863 el gobierno restaurador declara al gral, Pedro Santana fuera de la ley como culpable de alta traición.
505 0 _aCircular del partido Matías Ramón Mella.
505 0 _aCarta al gral Juan Pablo Duarte.
505 0 _aSegunda carta a Juan Pablo Duarte.
505 0 _aNota del patricio Juan Pablo Duarte al general presidente don José Ant. Salcedo en campaña en el sur.
505 0 _aTratado entre España y Francia con incidencia en isla de Santo Domingo.
505 0 _aSobre el tratado de Riswick, 1697.
505 0 _aSobre el tratado de Aranjuez 1777.
505 0 _aSobre el tratado de Basilea 1795.
700 1 _aSuazo Ruíz , Sócrates ,
_eprólogo y cuidado de la edición.
_910239
700 1 _aLorenzo, Juan Carlos ,
_ediagramación
_977653
942 _2ddc
_cLBS1
999 _c49300
_d49300